| 000 | 00754cab a2200229 4500 | ||
|---|---|---|---|
| 001 | ABS53418 | ||
| 008 | 090401t1995 xxu||||| |||| 00| 0 eng d | ||
| 035 | _a(Sirsi) u4047 | ||
| 041 | _aeng | ||
| 110 |
_aBarryD. _9288 |
||
| 245 | 4 | _aThe RPI and housing costs | |
| 260 | _c1995 | ||
| 350 | _a0 | ||
| 490 |
_aHousing and Planning Review _v50(4) August-September 1995, 17-18(2) |
||
| 520 | _aReports on the findings of the Retail Prices Index Advisory Committee (RPIAC) investigating how the cost of owner occupation affects the Retail Prices Index. | ||
| 650 | _aHOUSE PRICES | ||
| 650 | _aOWNER-OCCUPATION | ||
| 650 | _aALL ITEMS RETAIL PRICES INDEX | ||
| 690 | _aPROPERTY-PROPERTY FINANCE AND INVESTMENT | ||
| 942 | _n0 | ||
| 948 | _c04/03/1997 | ||
| 999 |
_c2424 _d2424 |
||